[Event "Nuremberg op"]
[Site "Nuremberg"]
[Date "2019.11.16"]
[Round "2"]
[White "Banzhaf, Steffen"]
[Black "Gundel, Kay"]
[Result "1-0"]
[WhiteElo "1537"]
[BlackElo "1194"]
[PlyCount "68"]
[EventDate "2019.11.15"]
[EventType "swiss"]
[EventRounds "5"]
[EventCountry "GER"]
[SourceTitle "CBM 193 Extra"]
[Source "ChessBase"]
[SourceDate "2020.01.31"]
[SourceVersion "1"]
[SourceVersionDate "2020.01.31"]
[SourceQuality "1"]

1. e4 e5 2. Nf3 Nc6 3. Bc4 Nf6 4. d3 d5 5. exd5 Nxd5 6. 0-0 Bg4 7. h3 Bh5 8. c3 a6 9. Re1 b5 10. Bb3 Bc5 11. g4 0-0 12. gxh5 h6 13. Bxd5 Qxd5 14. Be3 Bd6 15. d4 exd4 16. cxd4 Qxh5 17. Kg2 Qg6+ 18. Kh1 Qh5 19. Ng1 Qh4 20. Qg4 Qf6 21. Nd2 Qg6 22. Qxg6 fxg6 23. a3 Bf4 24. Kg2 Ne7 25. Bxf4 Rxf4 26. Rxe7 Raf8 27. Ngf3 h5 28. Rae1 g5 29. Re8 g4 30. Rxf8+ Kxf8 31. hxg4 Rxg4+ 32. Kh3 Rf4 33. Re4 Rf5 34. Re5 h4 1-0